Logo Biblioteca

Érase una vez... el universo, los dioses, los hombres : (Registro nro. 665)

Detalles MARC
000 -LEADER
fixed length control field 00856nam a2200253 a 4500
003 - CONTROL NUMBER IDENTIFIER
control field OSt
005 - DATE AND TIME OF LATEST TRANSACTION
control field 20251030084433.0
008 - FIXED-LENGTH DATA ELEMENTS--GENERAL INFORMATION
fixed length control field 250821s2004 ag gr 001 0 spa
020 ## - INTERNATIONAL STANDARD BOOK NUMBER
International Standard Book Number 950-557-384-7
040 ## - CATALOGING SOURCE
Original cataloging agency AR-BaBN
Language of cataloging spa
Transcribing agency AR-RoUNCS
Description conventions aacr
041 1# - LANGUAGE CODE
Language code of text/sound track or separate title spa
Language code of original fre
080 1# - UNIVERSAL DECIMAL CLASSIFICATION NUMBER
Universal Decimal Classification number 398.2(38)
Edition identifier 2016
100 1# - MAIN ENTRY--PERSONAL NAME
Personal name Vernant, Jean Pierre,
Dates associated with a name 1914-2007
Relator term autor
240 13 - UNIFORM TITLE
Uniform title L'univers, les dieux, les hommes.
Language of a work Español
245 10 - TITLE STATEMENT
Title Érase una vez... el universo, los dioses, los hombres :
Remainder of title un relato de los mitos griegos /
Statement of responsibility, etc. Jean Pierre Vernant.
250 ## - EDITION STATEMENT
Edition statement 3a reimp.
260 ## - PUBLICATION, DISTRIBUTION, ETC.
Place of publication, distribution, etc. Buenos Aires :
Name of publisher, distributor, etc. Fondo de Cultura Económica,
Date of publication, distribution, etc. 2004.
300 ## - PHYSICAL DESCRIPTION
Extent 203 p. ;
Dimensions 23 cm.
490 0# - SERIES STATEMENT
Series statement Sección de Obras de Filosofía
500 ## - GENERAL NOTE
General note Traducción de Daniel Zadunaisky.
650 #4 - SUBJECT ADDED ENTRY--TOPICAL TERM
Topical term or geographic name entry element MITOLOGÍA GRIEGA
700 1# - ADDED ENTRY--PERSONAL NAME
Personal name Zadunaisky, Daniel
Relator term traductor
942 ## - ADDED ENTRY ELEMENTS (KOHA)
Source of classification or shelving scheme Universal Decimal Classification
Koha item type Obra General
Existencias
Withdrawn status Lost status Source of classification or shelving scheme Damaged status Not for loan Collection Home library Current library Date acquired Source of acquisition Total checkouts Full call number Barcode Date last seen Price effective from Koha item type
    Universal Decimal Classification     Colección General Biblioteca Escuela de Ciencias Sociales Biblioteca Escuela de Ciencias Sociales 30/10/2025 Donación 2023   298.2(38) V529 000375 30/10/2025 30/10/2025 Obra General
Biblioteca de la Escuela Preuniversitaria en Ciencias Sociales y Humanísticas.
Riobamba 250 bis.
CP 2000 - Rosario - Santa Fe
E-Mail: biblioteca@esociales.unr.edu.ar